Narraciones catequísticas II

Saved in:
Bibliographic Details
Main Authors: Ferrero, Bruno (Author), Zúñiga P., Raúl (Author)
Format: Book
Language:Spanish
Published: Santiago Don Bosco 1998
Series:Colección Biblioteca del Catequista, 2
Subjects:
Tags: Add Tag
No Tags, Be the first to tag this record!

MARC

LEADER 00000nam a2200000 a 4500
001 UCL3699
003 CL-VaPUC
008 031205e19980000CL |||||||||||||||||spa|d
020 |a 9561803747 
082 0 4 |a 268  |b FER  |2 21 
100 0 |a Ferrero, Bruno  |e author  |9 481083 
700 0 |a Zúñiga P., Raúl  |e author  |9 481084 
245 1 0 |a Narraciones catequísticas II 
300 |a 59 p 
942 |c BK 
945 |d 20031205 00:00:00  |a cmena 
260 |a Santiago  |b Don Bosco  |c 1998 
650 0 |a Catequesis  |9 314526 
650 0 |a Educación religiosa   |9 308312 
583 |a last modification  |c 20031205 00:00:00  |k Rodrigo Vera 
490 0 |a Colección Biblioteca del Catequista, 2 
999 |c 306710  |d 306708 
952 |0 0  |1 0  |4 0  |6 268_000000000000000_FER_1998  |7 0  |8 A  |9 371951  |a BIBTEO  |b BIBTEO  |d 2019-11-21  |i 3970299  |o 268 FER 1998  |p 3970299  |r 2025-01-17  |w 2019-11-21  |y BK  |k ICR